Регионална библиотека "Любен Каравелов" - Русе

Черешовото топче (Запис номер 173173)

MARC детайли
000 -Лидер
Контролно поле с фиксирана дължина 01398nam a2200349 c 4500
003 - Код на организацията, давaща контролен номер
Контролно поле BLK
005 - Дата и час на последна редакция
Контролно поле 20240614162117.0
008 - Елементи от данни с фиксирана дължина
fixed length control field 180411b bul|||||r ||||||| ||bul||
010 ## - Наследен системен номер
LC control number KNG00181554000
040 ## - Източник на каталожния запис
Идентификатор на билиотеката - собственик на записа BLK
041 ## - Код за език
Код за езика на текст/звукозапис или на отделно заглавие Български
Код за езика КДБФ Български
080 ## - УДК
Текстов определител УДК История на България
УДК код - определител по УДК 94(497.2)
УДК - код + определител 94(497.2)
100 ## - Редна дума - Автор
Автор Северняк, Серафим
Титли или други наименования, свързани с автора псевд.
Автор - информация (биография) Бълг. писател, журналист, редактор, драматург
Дати, свързани с автора 1930 - 1988
Пълна форма на името Серафимов, Серафим Николов
R(LIN) 374151
139 ## - Редно поле
Редна дума Северняк, Серафим
Авторски знак Се - С 30
245 10 - Сведения за заглавието
Заглавие Черешовото топче
Подзаглавни данни Исторически разказ в картинки
Редно поле (дума) Серафим Северняк; рис. Стоян Илиев.
257 ## - Страна на издаване
Страна на създаване/издаване България
260 ## - Област на издателските данни
Име на издателя, разпространителя и проч. Наука и изкуство
Година на издаване 1973
300 ## - Физическа характеристика
Страници 36 с.
Илюстрации и др. с ил.
Размери/Мащаб 29 см
380 ## - Жанр
Жанр История
490 1# - СЕРИИ (Колекции)
Име на серия Библиотека България древна и млада
500 ## - Общи забележки
Забележка 80 000 тир.
650 #7 - Допълнително описание по предмет – тема
Основно описание – тема или топоним Априлско въстание, 1876 г.
Източник на редна или ключова дума
9 (RLIN) 147292
653 ## - Ключова дума – ненормативна
Ключова дума Априлско въстание
700 1# - Други автори (авторска отговорност)
Лично име Илиев, Стоян
Автороска отговорност (Описва отношението между автора и произведението) рис.
9 (RLIN) 363990
852 ## - Местоположение
Форматна сигнатура Цб ІІ 24985
856 4# - Електронен адрес и достъп
Електронен формат pdf - файл
856 4# - Електронен адрес и достъп
Електронен формат pdf - файл
999 ## - СИСТЕМНИ КОНТРОЛНИ НОМЕРА
Koha biblionumber 173173
Koha biblioitemnumber 173173
942 ## - АРТИКУЛИ
Вид на библиотечния материал Книги
Скрит в OPAC Не
Периодичен библиозапис Да
944 ## - СЪЗДАВАНЕ И РЕДАКЦИЯ на ЗАПИСА
Създаване/Редакция Създаване
Дата на регистрацията/редакция 11.09.2015
Служител, извършил регистрацията/редакцията 30540
Статус, дата на статуса Севдалина Тодорова
944 ## - СЪЗДАВАНЕ И РЕДАКЦИЯ на ЗАПИСА
Създаване/Редакция Редакция
Дата на регистрацията/редакция 11.09.2015
Служител, извършил регистрацията/редакцията Кина_Георгиева
999 ## - СИСТЕМНИ КОНТРОЛНИ НОМЕРА
Koha biblioitemnumber 173173
Наличности
Код за отписване Код за изгубен артикул Източник на класификационната схема Код за повреда Коз за рестрикции Код за отдаване Артикулен № Име на библиотеката - собственик Име на библиотеката, в която се намира в момента Статус (Текущо местоположение) Дата на вписване в системата Местоположение - отдел Цена в лева Инвентарен номер Систематично азбучна сигнатура Баркод Номер на екземпляра Цена в евро Служебна бележка Служебен тип на артикула
  Не е изгубен Universal Decimal Classification Не е повреден без рестрикции заемане за дома 295793 Регионална библиотека "Любен Каравелов" Русе Регионална библиотека "Любен Каравелов" Русе Хранилище 1973-01-01 Хранилище 0.80 136297 Цб ІІ 24985 120000136297 1 0.41 N: стар фонд Дата: 01.01.1973 Дата инв: 06.10.2015 Бележки инв: Д2015 Книги
Изтеглен Не е изгубен Universal Decimal Classification Не е повреден без рестрикции заемане за дома 295794 Регионална библиотека "Любен Каравелов" Русе Регионална библиотека "Любен Каравелов" Русе Детски отдел 1973-01-01 Детски отдел 0.80 136792 ДН 949.72/С 30 136792 2 0.41 N: стар фонд Дата: 01.01.1973 Книги
Изтеглен Не е изгубен Universal Decimal Classification Не е повреден без рестрикции заемане за дома 295795 Регионална библиотека "Любен Каравелов" Русе Регионална библиотека "Любен Каравелов" Русе Детски отдел 1973-01-01 Детски отдел 0.80 136790 ДН 949.72/С 30 136790 3 0.41 N: стар фонд Дата: 01.01.1973 Дата инв: 08.10.2015 Бележки инв: Д2015 Книги
Изтеглен Не е изгубен Universal Decimal Classification Не е повреден без рестрикции заемане за дома 295796 Регионална библиотека "Любен Каравелов" Русе Регионална библиотека "Любен Каравелов" Русе Детски отдел 1973-01-01 Детски отдел 0.80 136787 ДН 949.72/С 30 136787 4 0.41 N: стар фонд Дата: 01.01.1973 Дата инв: 17.09.2015 Бележки инв: Д2015 Книги
Изтеглен Не е изгубен Universal Decimal Classification Не е повреден без рестрикции заемане за дома 295797 Регионална библиотека "Любен Каравелов" Русе Регионална библиотека "Любен Каравелов" Русе Детски отдел 1973-01-01 Детски отдел 0.80 136786 ДН 949.72/С 30 136786 5 0.41 N: стар фонд Дата: 01.01.1973 Дата инв: 08.10.2015 Бележки инв: Д2015 Книги
Изтеглен Не е изгубен Universal Decimal Classification Не е повреден без рестрикции заемане за дома 295798 Регионална библиотека "Любен Каравелов" Русе Регионална библиотека "Любен Каравелов" Русе Детски отдел 1973-01-01 Детски отдел 0.80 136785 ДН 949.72/С 30 136785 6 0.41 N: стар фонд Дата: 01.01.1973 Дата инв: 17.09.2015 Бележки инв: Д2015 Книги
Vip Innovations Ltd, Rousse, Bulgaria 2025